书目信息 |
| 题名: |
随机振动入门
|
|
| 作者: | 庄表中 著 | |
| 分册: | ||
| 出版信息: | 北京 科学出版社 1981 |
|
| 页数: | 82页 | |
| 开本: | 19cm | |
| 丛书名: | ||
| 单 册: | ||
| 中图分类: | O59 | |
| 科图分类: | ||
| 主题词: | 应用物理学 , 物理学--应用 | |
| 电子资源: | ||
| ISBN: | ||
| 000 | 00640nam0 2200253 45 | |
| 001 | 0181004841 | |
| 005 | 20040630152038.7 | |
| 010 | @dCNY0.38 | |
| 091 | @a13031.1624 | |
| 100 | @a19950627d1981 em y0chiy0121 ea | |
| 101 | 0 | @achi |
| 102 | @aCN@b110000 | |
| 105 | @ay z 000yy | |
| 106 | @ar | |
| 200 | 10 | @a随机振动入门@Asui ji zhen dong ru men@f庄表中著 |
| 210 | @a北京@c科学出版社@d1981 | |
| 215 | @a82页@d19cm | |
| 606 | 0 | @a应用物理学 |
| 606 | 0 | @a物理学@x应用 |
| 690 | @aO59@v3 | |
| 701 | 0 | @a庄表中@Azhuang biao zhong@4著 |
| 801 | 0 | @aCN@b上海图书馆@c20040517 |
| 801 | 2 | @aCN@bNLC@c20040517 |
| 905 | @dO59@e1@f1@b56808 | |
| 随机振动入门/庄表中著.-北京:科学出版社,1981 |
| 82页;19cm |
| ISBN :CNY0.38 |
| ● |
| 相关链接 |
|
|
|
|
正题名:随机振动入门
索取号:O59/1
 
预约/预借
| 序号 | 登录号 | 条形码 | 馆藏地/架位号 | 状态 | 备注 |
| 1 | 0056805 | 001452038 | 第三借阅区/ [索取号:O59/1] | 在馆 | |
| 2 | 0056806 | 001452029 | 第三借阅区/ [索取号:O59/1] | 在馆 | |
| 3 | 0056807 | 001452065 | 第三借阅区/ [索取号:O59/1] | 在馆 | |
| 4 | 0056808 | 001935972 | 第三借阅区/ [索取号:O59/1] | 在馆 |